00787nam a2200229 i 4500999001500000001000600015003000900021005001700030008004100047020001800088040003800106082002000144245004600164260004900210300004000259504005100299650001900350650003900369710001900408942001200427952011800439 c2498d249819600BD-DhUAP20210130100442.0150602s2013 ctuab b 001 0 eng  a9780714119755 aBD-DhUAPbEngcBD-DhUAPdBD-DhUAP00a709.021 ANC223 aThe British Museum book of ancient Egypt. aLondon : bThe British Museum Press,c2012. a304 pages :billustrations ;c25 cm aIncludes bibliographical references and index. aBritish Museum aArt, Ancient -- Egypt -- Catalogs. aBritish Museum 2ddccBK 00102ddc4070aUAPCLbUAPCLcGeneral Stacksd2020-02-25o709.021 ANCp3010019600r2020-02-25t1w2020-02-25yBK